000 01025nam0a22002771 4500
001 rc\748045
005 20260406142940.0
035 _a(NLR Aleph) 006276742
090 _a7007005
_c7007005
100 _a20040301d1985 |||y0rusy50 ca
101 0 _arus
102 _aRU
105 _ay |||||||||
200 1 _aВопросы физического воспитания студентов
_eСб. науч. тр.
_fАзерб. гос. пед. ин-т им. В.И. Ленина
_g[Редкол.: Бахшалиев Р.М. (ред.) и др.]
210 _aБаку
_cАПИ
_d1985
215 _a147 с.
_d20
300 _aЧасть текста: азерб.
702 1 _aБахшалиев
_bР.М.
_4340
712 0 2 _aАзербайджанский педагогический институт им. В. И. Ленина
_cБаку
_3RU\NLR\AUTH\889922178
_9340366
801 0 _aRU
_bNLR
_gpsbo
801 1 _aRU
_bELAR
_2rusmarc
852 _aNLR
_bОНЛ
852 _aNLR
_jОНЛ
942 _cBOOK
980 _aNB